| 000 | 01517nam a2200289Ia 4500 | ||
|---|---|---|---|
| 003 | OSt | ||
| 005 | 20210525115352.0 | ||
| 008 | 210310s1974 sp gr 000 0 spa d | ||
| 020 | _a8424403428 | ||
| 040 |
_aCO-JMCR _cCO-JMCR |
||
| 041 | 1 |
_aspa _hfre |
|
| 082 | 0 | 4 |
_a335.411 / _bB565t _223 |
| 100 | 1 |
_aBettelheim, Charles, _915685 _eautor |
|
| 245 | 1 | 3 |
_aLa transición a la economía socialista / _cCharles Bettelheim ; traducido por J. Sterling |
| 250 | _aPrimera edición | ||
| 260 |
_aBarcelona : _bFontanella, _c1974 |
||
| 300 |
_a356 páginas ; _c20 cm. |
||
| 490 | 0 |
_aLibros de Confrontación. Serie: económica ; _v1 |
|
| 500 | _aIncluye notas a pie de página. Título original: La transition vers l´economie socialiste | ||
| 504 | _aBibliografía: páginas 353-356 | ||
| 505 | 0 | _aProblemática de la economía de transición -- Los marcos socioeconómicos y la organización de la planificación social -- Formas y métodos de la planificación socialista y nivel de desarrollo de las fuerzas productivas -- Contribución a la elaboración de una teoría de la economía política de la transición hacia el socialismo --- Categorías sociales y modo de producción socialista -- El problema de los precios en los países socialistas europeos. Algunas reflexiones en torno a un reciente debate | |
| 546 | _aTraducción del francés. | ||
| 650 | 1 | 4 |
_aEconomía marxista _915687 |
| 650 | 2 | 4 |
_aPrecios _zPaíses comunistas _937864 |
| 700 | 1 |
_aSterling, J., _etraductor _937865 |
|
| 942 |
_2ddc _cBK |
||
| 999 |
_c7871 _d7871 |
||